¿Quién dijo Kartofel? / (Record no. 155626)

MARC details
000 -CABECERA
campo de control de longitud fija 00608nam a2200205 u 4500
005 - FECHA Y HORA DE LA ÚLTIMA TRANSACCIÓN
campo de control 20210223131658.0
008 - ELEMENTOS DE LONGITUD FIJA--INFORMACIÓN GENERAL
campo de control de longitud fija 120228s2000 mx r 000 0 spa d
020 ## - NÚMERO INTERNACIONAL NORMALIZADO PARA LIBROS
Número Internacional Estándar del Libro 9789700775166
035 ## - NÚMERO DE CONTROL DEL SISTEMA
Número de control de sistema UPN01000183523
049 ## - COLECCIÓN
Colección I
050 #4 - SIGNATURA TOPOGRÁFICA DE LA BIBLIOTECA DEL CONGRESO
Número de clasificación QK49
Número de documento/Ítem S7.6
100 1# - ASIENTO PRINCIPAL--NOMBRE PERSONAL
Nombre de persona Strepponi, Blanca,
Fechas asociadas al nombre 1952-
9 (RLIN) 36523
245 11 - MENCIÓN DE TÍTULO
Título ¿Quién dijo Kartofel? /
Mención de responsabilidad, etc. Blanca Strepponi, Yolanda Pantin.
260 ## - PUBLICACIÓN, DISTRIBUCIÓN, ETC.
Lugar de publicación, distribución, etc. México :
Nombre del editor, distribuidor, etc. Porrúa,
Fecha de publicación, distribución, etc. [200?].
300 ## - DESCRIPCIÓN FÍSICA
Extensión 56 p. :
Otras características físicas il. col.
650 #4 - ASIENTO SECUNDARIO DE MATERIA - TERMINO TEMATICO
Término de materia o nombre geográfico como elemento de entrada BOTANICA -
Subdivisión de forma LITERATURA JUVENIL
9 (RLIN) 887
700 1# - ASIENTO SECUNDARIO--NOMBRE DE PERSONAL
Nombre de persona Pantin, Yolanda,
Fechas asociadas al nombre 1954-
Término indicativo de función/relación coaut.
9 (RLIN) 36388
905 ## - TIPO DE MATERIAL
Tipo de material Infantil
Holdings
Estado de retiro Estado de pérdida Fuente del sistema de clasificación o colocación Estado dañado No para préstamo Código de colección Localización permanente Ubicación/localización actual Ubicación en estantería Fecha de adquisición Clasificación Código de barras Fecha visto por última vez Número de copia Tipo de ítem Koha
    Library of Congress Classification     Infantil Bib. Gregorio Torres Quintero Bib. Gregorio Torres Quintero Sala infantil Planta baja 10/05/2023 QK49 S7.6 257237 31/12/2020 1 Libro